Knižnice a informácie

Uložené v:
Podrobná bibliografia
Médium: Seriál
Jazyk:Slovak
Vydavateľské údaje: Martin Matica slovenská 1991
Predmet:
Tagy: Pridať tag
Žiadne tagy, Buďte prvý, kto otaguje tento záznam!

MARC

LEADER 00000nas2a2200000 4500
001 s015238
005 20190109124434.3
022 |a 0322-807X 
041 0 |a slo 
044 |a SK 
245 1 0 |a Knižnice a informácie 
264 1 |a Martin  |b Matica slovenská  |c 1991 
300 |a 1 zv. 
500 |a Do čísla 3/91 pod názvom: Knižnice a vedecké informácie 
773 0 |w eu_un_cat*s120156 
610 2 0 |a knihoveda 
610 2 0 |a informatika